Central Library OPAC University of Rajshahi

Personality and social systems / (Record no. 33498)

MARC details
000 -LEADER
fixed length control field 00963nam a2200325 4500
001 - CONTROL NUMBER
control field 33498
003 - CONTROL NUMBER IDENTIFIER
rucl marc code BD-RjUL
005 - DATE AND TIME OF LATEST TRANSACTION
control field 20211209052023.0
008 - FIXED-LENGTH DATA ELEMENTS--GENERAL INFORMATION
fixed length control field 140508r19641963nyu b 001 0 eng
029 1# - (OCLC)
System control number b6313182
035 ## - SYSTEM CONTROL NUMBER
System control number (OCoLC)ocm01060667
System control number (BD-RjUL)33589
System control number (NNC)1524472
040 ## - CATALOGING SOURCE
Original cataloging agency DLC
Transcribing agency CSU
Modifying agency SER
-- UKM
-- BD-RjUL
Language of cataloging eng
041 ## - LANGUAGE CODE
Language code of text/sound track or separate title eng
082 ## - DEWEY DECIMAL CLASSIFICATION NUMBER
Classification number 301.15
Author mark and year PER 1964
245 10 - TITLE STATEMENT
Title Personality and social systems /
Statement of responsibility, etc. edited by Neil J. Smelser and William T. Smelser.
260 ## - PUBLICATION, DISTRIBUTION, ETC. (IMPRINT)
Place of publication, distribution, etc. New York :
Name of publisher, distributor, etc. Wiley,
Date of publication, distribution, etc. 1963 [printing 1966]
300 ## - PHYSICAL DESCRIPTION
Pagination xi, 660 p. ;
Size 25 cm.
504 ## - BIBLIOGRAPHY, ETC. NOTE
Bibliography, etc Includes bibliographies. and index.
650 #0 - SUBJECT ADDED ENTRY--TOPICAL TERM
Topical term or geographic name as entry element Personality.
9 (RLIN) 101656
Topical term or geographic name as entry element Social psychology.
9 (RLIN) 101657
Topical term or geographic name as entry element Interpersonal relations.
9 (RLIN) 101658
700 1# - ADDED ENTRY--PERSONAL NAME
Personal name Smelser, William T.,
Personal name Smelser, Neil J.,
942 ## - ADDED ENTRY ELEMENTS (KOHA)
Source of classification or shelving scheme Dewey Decimal Classification
Koha item type Books
Holdings
Lost status Source of classification or shelving scheme Damaged status Not for loan Collection code Permanent Location Current Location Shelving location Date acquired Source of acquisition Cost, normal purchase price Total Checkouts Full call number Date last seen Copy number Koha item type
  Dewey Decimal Classification   Not For Loan Non-fiction Central Library, University of Rajshahi Central Library, University of Rajshahi Reading Room 21/03/1966 Zitlinger 0.00   301.15 PER 1964 08/05/2014 C-1 Books
  Dewey Decimal Classification     Non-fiction Central Library, University of Rajshahi Central Library, University of Rajshahi   21/03/1966 Zeitlinger 0.00   301.15 PER 1964 10/05/2014 C-2 Books